[Event "Wch U20"]
[Site "Adelaide"]
[Date "1988.??.??"]
[Round "6"]
[White "Akopian, Vladimir"]
[Black "Blatny, Pavel"]
[Result "1-0"]
[WhiteElo "2455"]
[BlackElo "2490"]

1.e4 e5 2.Nf3 Nc6 3.Bb5 a6 4.Ba4 Nf6 5.O-O Be7 6.Re1 b5 7.Bb3 O-O 8.h3 Bb7
9.d3 Re8 10.Ng5 Rf8 11.Nf3 Re8 12.c3 Bf8 13.Nbd2 d5 14.exd5 Nxd5 15.d4 Nf4
16.Ne4 Na5 17.Bc2 f5 18.Ng3 g6 19.dxe5 Qxd1 20.Rxd1 Nxh3+ 21.Kf1 Be7 22.Rd7 Bxf3
23.gxf3 Bg5 24.Bxg5 Nxg5 25.a4 Nxf3 26.e6 Nc4 27.axb5 axb5 28.Rxa8 Rxa8 29.Rxc7 Nce5
30.Ke2 Ng1+ 31.Ke3 Rd8 32.Bb3 Ng4+ 33.Kf4 Nh3+ 34.Kf3 Re8 35.Rb7 Ng5+ 36.Kg2 Nxe6
37.Rb6 Kf7 38.Ne2 Ne5 39.Rxb5 Kf6 40.Rb6 Nd3 41.Bc4 Ne5 42.Bb5 Re7 43.Nf4 Kf7
44.Nd5 Ra7 45.Be8+ Kf8 46.Rxe6 Nd3 47.Bb5 Nxb2 48.Re2 Nd1 49.c4  1-0

[Event "Wch U20"]
[Site "Adelaide"]
[Date "1988.??.??"]
[Round "10"]
[White "Blatny, Pavel"]
[Black "Lim, Mark"]
[Result "1-0"]
[WhiteElo "2490"]
[BlackElo "2205"]

1.e4 c6 2.d4 d5 3.exd5 cxd5 4.c4 Nf6 5.Nc3 Nc6 6.Bg5 Be6 7.g3 Bg4 8.f3 Be6
9.c5 h6 10.Bxf6 exf6 11.Nge2 Rc8 12.Qa4 Qa5 13.Qxa5 Nxa5 14.Nf4 Nc6 15.O-O-O Rd8
16.g4 g5 17.Nh5 Be7 18.Bb5 Kd7 19.Rhe1 Rhg8 20.Ba4 Kc7 21.Bc2 b6 22.cxb6+ axb6
23.Kb1 Kd6 24.Ng3 Na7 25.Bb3 Bf8 26.Rc1 h5 27.Nxd5 Bxd5 28.Nf5+ Kd7 29.Bxd5 Bb4
30.Re4 Rdf8 31.gxh5 Rh8 32.h6 Rh7 33.a3 Bd6 34.h4 Rc8 35.Rg1 Rg8 36.Reg4 Bf8
37.hxg5 fxg5 38.Rxg5 Rxg5 39.Rxg5 Nc8 40.Be4 Rh8 41.h7 Be7 42.Rg8 Bf6 43.Ng7  1-0

[Event "Wch U20"]
[Site "Adelaide"]
[Date "1988.??.??"]
[Round "11"]
[White "Rachels, Stuart"]
[Black "Blatny, Pavel"]
[Result "1-0"]
[WhiteElo "2350"]
[BlackElo "2490"]

1.e4 e5 2.Nf3 Nc6 3.Bb5 a6 4.Ba4 Nf6 5.O-O Be7 6.Re1 b5 7.Bb3 O-O 8.a4 Bb7
9.d3 Re8 10.Nbd2 Bf8 11.c3 d6 12.Nf1 Na5 13.Ba2 c5 14.Bg5 c4 15.Ne3 Rc8 16.axb5 axb5
17.dxc4 bxc4 18.Nd2 Ba6 19.Qa4 Bb7 20.Bxf6 gxf6 21.Ndxc4 Nxc4 22.Bxc4 Rb8
23.Bd5 Bc8 24.Bc6 Re6 25.b4 Bh6 26.Nd5 Bb7 27.Bxb7 Rxb7 28.Qc6 Rb8 29.Ra7 Re8
30.Rd7 Qc8 31.Nxf6+  1-0

[Event "Wch U20"]
[Site "Adelaide"]
[Date "1988.??.??"]
[Round "12"]
[White "Ballmann, Martin"]
[Black "Blatny, Pavel"]
[Result "0-1"]
[WhiteElo "2275"]
[BlackElo "2490"]

1.c4 Nf6 2.Nc3 d6 3.g3 e5 4.Bg2 Nbd7 5.e3 c6 6.d4 Be7 7.Nge2 O-O 8.O-O Qc7
9.b3 Re8 10.Bb2 Nf8 11.Rc1 Ng6 12.h3 Nd7 13.e4 Bf8 14.f4 exf4 15.Nxf4 Be7
16.Kh1 Qa5 17.Qf3 Rf8 18.a3 Qd8 19.Rcd1 Bg5 20.Nce2 Qc7 21.Qc3 Re8 22.Qf3 Nf6
23.Nxg6 hxg6 24.Nc3 Rf8 25.Rde1 Nd7 26.b4 Nb6 27.Qd3 Be6 28.d5 cxd5 29.cxd5 Bd7
30.Bc1 Bxc1 31.Rxc1 Qc4 32.Qf3 Qb3 33.Ne2 Qxf3 34.Rxf3 Rac8 35.Rfc3 Rxc3
36.Rxc3 Rc8 37.Rxc8+ Bxc8 38.Nd4 Bd7 39.Bf1 Kf8 40.h4 Ke7 41.Kg2 f5 42.Kf3 Kf6
43.Kf4 fxe4 44.Kxe4 Bf5+ 45.Nxf5 gxf5+ 46.Kd4 Nd7 47.a4 Ne5 48.Be2 Ng6 49.Bf1 Ne7
50.Bh3 g5 51.hxg5+ Kxg5 52.a5 Ng8 53.Kc4 Nf6 54.Bf1 Kg4 55.Bd3 Ng8 56.Kd4 Ne7
57.Bb5 Kxg3 58.a6 b6 59.Bd3 f4 60.Ke4 f3 61.Bc4 Kg2 62.Kf4 f2 63.Kg5 f1=Q
64.Bxf1+ Kxf1 65.b5 Nxd5 66.Kf5 Nc7  0-1

[Event "Bad Woerishofen op"]
[Site "Bad Woerishofen"]
[Date "1988.??.??"]
[Round "4"]
[White "Vujakovic, Branko"]
[Black "Blatny, Pavel"]
[Result "0-1"]
[WhiteElo "2345"]
[BlackElo "2440"]

1.e4 e5 2.Nf3 Nc6 3.Bb5 Nge7 4.O-O a6 5.Ba4 d6 6.c3 b5 7.Bc2 Ng6 8.a4 Rb8
9.axb5 axb5 10.d4 exd4 11.Nxd4 Nxd4 12.cxd4 Be7 13.f4 Bf6 14.Nc3 c6 15.e5 dxe5
16.dxe5 Qb6+ 17.Kh1 Be7 18.Qh5 Qc5 19.Qe2 O-O 20.Be3 Qb4 21.f5 Nxe5 22.Ba7 Bd6
23.Bxb8 Bxb8 24.Rab1 Ng4 25.Ne4 Ne5 26.Qh5 f6 27.Rf4 Qe7 28.Bb3+ Nf7 29.Rh4 h6
30.Qg6 Kh8 31.Rf1 Bd7 32.Rf3 Ng5 33.Rfh3 Be8 34.Rxh6+ gxh6 35.Qxh6+ Nh7 36.Be6 Qg7
37.Qc1 Qg4 38.Nf2 Qf4 39.Ng4 Bf7 40.Qg1 Qa4 41.Qb1 Be5 42.Bc4 Be6 43.Qa2 bxc4  0-1

[Event "Bad Woerishofen op"]
[Site "Bad Woerishofen"]
[Date "1988.??.??"]
[Round "7"]
[White "Klinger, Josef"]
[Black "Blatny, Pavel"]
[Result "1-0"]
[WhiteElo "2505"]
[BlackElo "2440"]

1.d4 Nf6 2.c3 b6 3.Bg5 Bb7 4.Nd2 d5 5.e3 Nbd7 6.f4 Qc8 7.Bd3 Ba6 8.Bc2 e6
9.Qf3 c5 10.Ne2 Qc6 11.a4 Be7 12.O-O h6 13.Bh4 Ne4 14.Nxe4 Bxh4 15.Nf2 Be7
16.e4 Rc8 17.Rfe1 O-O 18.e5 f5 19.g4 g6 20.gxf5 Bxe2 21.Rxe2 gxf5 22.Qh5 Rf7
23.Kh1 Bf8 24.Nh3 cxd4 25.Rg1+ Bg7 26.cxd4 Qc4 27.Reg2 Nf8 28.Qxh6 Rcc7 29.Qh5 Qxd4
30.Ng5 Rfe7 31.Nxe6 Rxe6 32.Bxf5 Qxf4 33.Bxe6+ Nxe6 34.Qe8+ Nf8 35.Qd8 Qxe5
36.Qb8 Qe7 37.Rxg7+ Qxg7 38.Qxc7  1-0

[Event "Baden-Baden"]
[Site "Baden-Baden"]
[Date "1988.??.??"]
[Round "?"]
[White "Blatny, Pavel"]
[Black "Fahnenschmidt, Gerhard"]
[Result "1/2-1/2"]
[WhiteElo "2490"]
[BlackElo "2380"]

1.e4 c5 2.b3 d6 3.Bb2 Nf6 4.Nc3 e6 5.f4 Be7 6.Nf3 a6 7.Be2 Nc6 8.O-O O-O
9.Kh1 Qc7 10.Qe1 b5 11.e5 dxe5 12.fxe5 Nd7 13.Ne4 Bb7 14.Qg3 Nd4 15.Nxd4 Bxe4
16.Nf3 c4 17.bxc4 bxc4 18.Qf4 Bd5 19.Bd4 f5 20.Qg3 Nc5 21.Bxc5 Bxc5 22.c3 Rab8
23.d4 cxd3 24.Bxd3 Rb2 25.Bxa6 Qa5 26.Bd3 Qxc3 27.Rfd1 Qa3 28.Bf1 Rxa2 29.Rab1 Rb2
30.Ra1 Qb4 31.Ne1 Rb3 32.Nd3 Qb6 33.Qg5 Be3 34.Qe7 Qd8 35.Qxd8 Rxd8 36.Re1 f4
37.Rad1 Rc8 38.h4 Rcc3 39.Kh2 Be4 40.Nc1 Rb7 41.Rd8+ Kf7 42.Ne2 Rc2 43.Nd4 Rd2
44.Nxe6 Kxe6  1/2-1/2

[Event "Baden-Baden"]
[Site "Baden-Baden"]
[Date "1988.??.??"]
[Round "?"]
[White "Blatny, Pavel"]
[Black "Braun, Michael"]
[Result "0-1"]
[WhiteElo "2490"]
[BlackElo "2325"]

1.d4 d5 2.c3 g6 3.Bf4 Bg7 4.e3 Nh6 5.Bd3 Nc6 6.h4 e5 7.dxe5 Ng4 8.Nf3 Ngxe5
9.Be2 h6 10.Nbd2 O-O 11.Nb3 Re8 12.Nfd4 Nxd4 13.cxd4 Nc4 14.Qc2 Bf5 15.Qc3 c5
16.Nxc5 Rc8 17.Qb4 b6 18.Na6 Qd7 19.O-O Bf8 20.Qb3 Qb7 21.Nb4 a5 22.Nd3 Nd2
23.Qd1 Nxf1 24.Bxf1 Qe7 25.Bg3 Bxd3 26.Bxd3 h5 27.Qb3 Qe6 28.Ba6 Rcd8 29.Bc7 Rd7
30.Rc1 Bd6 31.Bxb6 Rb8 32.Rc8+ Kh7 33.Rxb8 Bxb8 34.Bf1 Rb7 35.Qa3 Rxb6 36.Qxa5 Rxb2
37.Qd8 Qd6  0-1

[Event "Baden-Baden"]
[Site "Baden-Baden"]
[Date "1988.??.??"]
[Round "?"]
[White "Ioseliani, Nana"]
[Black "Blatny, Pavel"]
[Result "1-0"]
[WhiteElo "2495"]
[BlackElo "2490"]

1.e4 e5 2.Nf3 Nc6 3.Bb5 a6 4.Ba4 Nf6 5.O-O Be7 6.Re1 b5 7.Bb3 O-O 8.c3 d5
9.exd5 Nxd5 10.Nxe5 Nxe5 11.Rxe5 c6 12.d4 Bd6 13.Re1 Qh4 14.g3 Qh3 15.Be3 Bg4
16.Qd3 Rae8 17.Nd2 Re6 18.a4 bxa4 19.Rxa4 f5 20.Qf1 Qh5 21.f4 Rb8 22.Bxd5 cxd5
23.b3 Rbe8 24.Qf2 g5 25.fxg5 f4 26.gxf4 Bh3 27.Nf1 Bxf1 28.Kxf1 Bxf4 29.Qxf4 Rf8
30.Qxf8+ Kxf8 31.Bf2 Qh3+ 32.Kg1 Qg4+ 33.Kf1 Qh3+ 34.Kg1 Rxe1+ 35.Bxe1 Qe3+
36.Kf1 Qd3+ 37.Kg2 Qe4+ 38.Kf2 Qf4+ 39.Kg2 Qxg5+ 40.Bg3 Qd2+ 41.Bf2 Qg5+
42.Bg3 Qg6 43.Ra1 Kg7 44.Ra5 Kf7 45.Ra1 Qe4+ 46.Kg1 Qd3 47.Bf2 Qg6+ 48.Kf1 Qf5
49.Kg2 Qe4+ 50.Kg1 Qd3 51.Kg2 Qe2 52.Ra5 Qe6 53.Bg3 Kg6 54.Bf2 Qe4+ 55.Kg1 Qg4+
56.Kf1 Qe6 57.Kg2 h5 58.Rc5 Qe4+ 59.Kf1 Kf5 60.c4 Kg4 61.Rc7 Qd3+ 62.Kg2 Qf3+
63.Kf1 Qd1+ 64.Kg2 Qf3+ 65.Kf1 Kh3 66.Re7 Qd3+ 67.Kg1 Qd1+ 68.Re1 Qg4+ 69.Kf1 Qf5
70.Kg1 Qg4+ 71.Kf1 Kxh2 72.Re3 Qd1+ 73.Be1 dxc4 74.bxc4 Qc1 75.Rc3 Qf4+ 76.Bf2 Qd2
77.Bg1+  1-0

[Event "Baden-Baden"]
[Site "Baden-Baden"]
[Date "1988.??.??"]
[Round "?"]
[White "Pirrot, Dieter"]
[Black "Blatny, Pavel"]
[Result "0-1"]
[WhiteElo "2380"]
[BlackElo "2490"]

1.e4 e5 2.Nf3 Nc6 3.d4 exd4 4.c3 dxc3 5.Bc4 d6 6.Nxc3 Nf6 7.Qb3 Qd7 8.Ng5 Ne5
9.Bb5 c6 10.f4 Neg4 11.Be2 h6 12.Nf3 d5 13.e5 Ne4 14.Nd4 Qd8 15.Nxe4 dxe4
16.Be3 Bb4+ 17.Kf1 Nxe3+ 18.Qxe3 Bc5 19.Rd1 Bxd4 20.Rxd4 Qb6 21.b3 O-O 22.Kf2 Be6
23.Qxe4 f6 24.Rd1 Bd5 25.Bc4 Bxc4 26.bxc4 fxe5 27.Qxe5 Rae8 28.Qd6 Rf6 29.Qd7 Rxf4+
30.Kg3 Rff8 31.R1d3 Qc5 32.h4 Qe5+ 33.Kh3 Qe1 34.Rg4 Qh1+ 35.Kg3 Qe1+ 36.Kh3 Re7
37.Qd4 Rf1  0-1

[Event "Baden-Baden"]
[Site "Baden-Baden"]
[Date "1988.??.??"]
[Round "?"]
[White "Rajkovic, Dusan"]
[Black "Blatny, Pavel"]
[Result "1-0"]
[WhiteElo "2495"]
[BlackElo "2490"]

1.d4 Nf6 2.Nf3 e6 3.c4 d5 4.Nc3 dxc4 5.e3 c5 6.Bxc4 cxd4 7.exd4 Be7 8.O-O O-O
9.Qe2 b6 10.Bg5 Bb7 11.Rad1 Nc6 12.Rfe1 Nd5 13.Bxd5 Bxg5 14.Be4 Bh6 15.Ne5 Rc8
16.d5 exd5 17.Bxd5 Qe7 18.Nxf7 Rxf7 19.Qh5 Qf8 20.Qxf7+ Qxf7 21.Bxf7+ Kf8
22.Bd5 Rd8 23.Rd3 Bg5 24.g3 Bf6 25.Bxc6 Bxc6 26.Rxd8+  1-0

[Event "Baden-Baden"]
[Site "Baden-Baden"]
[Date "1988.??.??"]
[Round "?"]
[White "Blatny, Pavel"]
[Black "Rajkovic, Dusan"]
[Result "1-0"]
[WhiteElo "2490"]
[BlackElo "2495"]

1.e4 c5 2.f4 d5 3.exd5 Nf6 4.Bb5+ Nbd7 5.c4 g6 6.b3 Bg7 7.Bb2 O-O 8.Bxd7 Bxd7
9.Nf3 e6 10.dxe6 Bxe6 11.O-O Re8 12.Qc1 Bf5 13.Nc3 a6 14.Re1 Qd6 15.Ne2 b5
16.Be5 Qb6 17.d4 bxc4 18.bxc4 Nh5 19.Qa3 Bf8 20.d5 f6 21.Bc3 Qd6 22.Bd2 Re4
23.Rac1 Rae8 24.Ng3 Nxg3 25.hxg3 Bg4 26.Be3 Rb8 27.Nd2 Ree8 28.Bf2 Bf5 29.Nb3 Rxe1+
30.Rxe1 Rb4 31.Re8 Rxc4 32.Bxc5 Qxd5 33.Rxf8+ Kg7 34.Bd4 Rxd4 35.Qe7+ Kh6
36.Nxd4 Qxd4+ 37.Kh2 Qd1 38.Qxf6  1-0

[Event "Baden-Baden"]
[Site "Baden-Baden"]
[Date "1988.??.??"]
[Round "?"]
[White "Blatny, Pavel"]
[Black "Suba, Mihai"]
[Result "0-1"]
[WhiteElo "2490"]
[BlackElo "2535"]

1.e4 c5 2.c3 d5 3.exd5 Qxd5 4.d4 e6 5.Nf3 Nf6 6.Na3 Qd8 7.Bf4 Nc6 8.dxc5 Nd5
9.Bd6 Bxd6 10.cxd6 Qxd6 11.Qd2 Qe7 12.Bb5 O-O 13.Rd1 Bd7 14.O-O Rfd8 15.Rfe1 Be8
16.Bd3 h6 17.Bb1 Qf6 18.Qe2 g6 19.g3 Qe7 20.Nc4 b5 21.Nce5 Nxe5 22.Nxe5 Nf6
23.Qf3 Kg7 24.Bd3 Rac8 25.Bf1 Qc7 26.Qe2 Nd5 27.Bg2 Nb6 28.Qe3 h5 29.g4 f6
30.Nf3 hxg4 31.Rxd8 Rxd8 32.Nd4 Bf7 33.Nxe6+ Bxe6 34.Qxe6 f5 35.Bc6 a6 36.Be8 Rd6
37.Qe5+ Kh7 38.h4 gxh3 39.Kh2 Nd5 40.Bf7 Nf6 41.Kg1 Ng4 42.Qg3 h2+ 43.Kg2 Qb7+
44.f3 Rd2+ 45.Kh3 Nf2+ 46.Kh4 h1=Q+  0-1

[Event "Groningen op"]
[Site "Groningen"]
[Date "1988.??.??"]
[Round "?"]
[White "Hickl, Joerg"]
[Black "Blatny, Pavel"]
[Result "1/2-1/2"]
[WhiteElo "2485"]
[BlackElo "2440"]

1.g3 d5 2.Bg2 Nf6 3.d3 Bf5 4.Nd2 e6 5.e4 Bg6 6.Ne2 h6 7.O-O Be7 8.b3 O-O
9.Bb2 Nc6 10.Nf4 Bh7 11.exd5 Nxd5 12.Nxd5 exd5 13.Qf3 Bg5 14.Rfd1 Nb4 15.h4 Be7
16.Rdc1 c6 17.a3 Na6 18.Re1 Qd7 19.Kh2 Rae8 20.Bh3 f5 21.Re2 Bd6 22.Rae1 Rxe2
23.Qxe2 Nc7 24.Nf3 Re8 25.Qd2 Rxe1 26.Qxe1 Qe7 27.Qxe7 Bxe7 28.Kg1 g5 29.hxg5 hxg5
30.Bg2 Kf7 31.Kf1 g4 32.Ne1 Bd6 33.a4 Ne6 34.Bh1 Kg6 35.Ng2 Kh5 36.Ke2 f4
37.gxf4 Nxf4+ 38.Nxf4+ Bxf4 39.Bd4 a6 40.Bg2 Bf5 41.Bb6 Be6 42.Bc5 Kg5 43.c3 Be5
44.d4 Bc7 45.Be7+ Kg6 46.b4 Bf5 47.a5 Bf4 48.Bh4 Bb1 49.Ke1 Bd3 50.Bd8 Kf5
51.Be7 Bc4 52.Bd8 Bb5 53.Bh4 Bc4 54.Kd1 Kg6 55.Ke1 Kh5 56.Be7 Bd3 57.Bd8 Bb5
58.Be7 Kg6 59.Bh4 Kf5 60.Kd1 Bh6 61.Ke1 Bf4 62.Kd1 Kg6 63.Ke1 Kh5 64.Be7  1/2-1/2

[Event "Groningen op"]
[Site "Groningen"]
[Date "1988.??.??"]
[Round "?"]
[White "Blatny, Pavel"]
[Black "Kraut, Rainer"]
[Result "1/2-1/2"]
[WhiteElo "2440"]
[BlackElo "2410"]

1.Nf3 Nf6 2.b3 d5 3.Bb2 Bg4 4.g3 e6 5.Bg2 Be7 6.O-O O-O 7.d3 Nbd7 8.Nbd2 c6
9.c4 a5 10.a3 Bd6 11.Qc2 Qe7 12.e4 dxe4 13.dxe4 Bxf3 14.Nxf3 e5 15.Rfd1 Rfd8
16.Rd2 Nc5 17.Nh4 g6 18.Bc3 a4 19.bxa4 Nxa4 20.Bb4 c5 21.Bc3 Nxc3 22.Qxc3 Bc7
23.Rxd8+ Qxd8 24.Qc2 Qd7 25.Bf1 Qa4 26.Bd3 Qxc2 27.Bxc2 Ba5 28.Rb1 Bc3 29.a4 Rd8
30.Nf3 Bb4 31.Kf1 Kf8 32.Ke2 Ke7 33.h3 Nd7 34.Rd1 f6 35.Nh2 Nb6 36.Rxd8 Kxd8
37.Bb3 Nd7 38.Ng4 Ke7 39.Ne3 Nb6 40.f4 Bc3 41.f5 g5 42.Kd3 Be1 43.Nf1 Nd7
44.Ke2 Bc3 45.Kf3 Bd4 46.Kg4 Kf8 47.h4 gxh4 48.Kxh4 Nb8 49.Kg4 Nc6 50.Kf3 Bb2
51.Ke3 Nd4 52.Bd1 Bc1+ 53.Kd3 Kg7 54.Nh2 Kh6 55.Ng4+ Kg5 56.Nf2 h5 57.Be2 Ba3
58.Nd1 Bb4 59.Ne3 Be1 60.Nf1 Bf2 61.Bd1 Kh6 62.Be2  1/2-1/2

[Event "Groningen op"]
[Site "Groningen"]
[Date "1988.??.??"]
[Round "?"]
[White "Blatny, Pavel"]
[Black "Kuijf, Marinus"]
[Result "1/2-1/2"]
[WhiteElo "2440"]
[BlackElo "2420"]

1.Nf3 Nf6 2.b3 d5 3.Bb2 Bf5 4.g3 e6 5.Bg2 h6 6.d3 Be7 7.Nbd2 O-O 8.c4 c5
9.O-O Nc6 10.cxd5 exd5 11.Rc1 b6 12.d4 Re8 13.Ne5 Nxd4 14.Bxd4 cxd4 15.Nc6 Qd7
16.Nxe7+ Qxe7 17.Nf3 Bg4 18.Rc2 Bxf3 19.Bxf3 Qe5 20.Rd2 Ne4 21.Bxe4 dxe4  1/2-1/2

[Event "Groningen op"]
[Site "Groningen"]
[Date "1988.??.??"]
[Round "?"]
[White "Boersma, Paulus A"]
[Black "Blatny, Pavel"]
[Result "0-1"]
[WhiteElo "2385"]
[BlackElo "2440"]

1.Nf3 Nf6 2.c4 e6 3.g3 d5 4.Bg2 dxc4 5.Qa4+ Nbd7 6.Qxc4 c5 7.d3 Be7 8.Qb3 Qc7
9.Nc3 a6 10.O-O Rb8 11.a4 b6 12.Bf4 Bd6 13.Bxd6 Qxd6 14.Rfd1 e5 15.e3 Bb7
16.Ng5 O-O 17.Bxb7 Rxb7 18.Qc4 a5 19.Nb5 Qe7 20.Rac1 h6 21.Ne4 Nxe4 22.Qxe4 Nf6
23.Qc6 Rd8 24.d4 Qd7 25.Qxd7 Rbxd7 26.Kf1 exd4 27.exd4 Ne4 28.Rd3 cxd4 29.Rc4 Nc5
30.Rdxd4 Rxd4 31.Nxd4 Ne4 32.Ke2 Re8 33.Rc6 Nc5+ 34.Kf3 Rd8 35.Ke3 Re8+ 36.Kf3 Rb8
37.b3 Kf8 38.Rc7 Rd8 39.Ke3 Re8+ 40.Kf3 Rd8 41.Nc6 Re8 42.Nd4 g6 43.Rc6 Rb8
44.g4 Rd8 45.Ke3 Re8+ 46.Kf3 Rb8 47.h4 Rd8 48.Ke3 Re8+ 49.Kf3 Nd7 50.Rd6 Ke7
51.Rd5 Rc8 52.Rb5 Kd6 53.Ke3 Rc5 54.f4 Rxb5 55.Nxb5+ Kc5 56.g5 h5 57.f5 gxf5
58.Kf4 Nf8 59.Kxf5 Ng6 60.Kf6 Nxh4 61.Kxf7 Kb4 62.Kf6 Kxb3 63.Nd4+ Kxa4 64.Nf3 Kb4
65.Nxh4 a4 66.g6 a3 67.g7 a2 68.g8=Q a1=Q+ 69.Kf5 Qf1+ 70.Ke4 Qe1+ 71.Kd3 Qxh4
72.Qf8+ Ka4 73.Qa8+ Kb3 74.Qd5+ Ka3 75.Qb5 Qg3+ 76.Ke2 Qg4+ 77.Kd3 Qd1+ 78.Kc3 Qe1+
79.Kc2 Qf2+ 80.Kb1 Qg1+  0-1

[Event "Groningen op"]
[Site "Groningen"]
[Date "1988.??.??"]
[Round "?"]
[White "Blatny, Pavel"]
[Black "Caessens, Rob"]
[Result "1-0"]
[WhiteElo "2440"]
[BlackElo "2260"]

1.e4 e5 2.Nf3 Nc6 3.Bb5 a6 4.Ba4 Nf6 5.O-O Be7 6.Bxc6 dxc6 7.d3 Nd7 8.Nbd2 f6
9.Nc4 Nc5 10.Ne3 Ne6 11.Nf5 O-O 12.Re1 Nd4 13.N3xd4 exd4 14.Qg4 g6 15.Nxe7+ Qxe7
16.Qg3 Be6 17.Bh6 Rf7 18.h4 Kh8 19.e5 Bf5 20.exf6 Qxf6 21.Re5 Re7 22.Rae1 Rxe5
23.Rxe5 Qf7 24.Qf4 Rd8 25.Qg5 Rd7 26.f4 Be6 27.g4 Bd5 28.f5 b6 29.f6 Be6
30.h5 Kg8 31.hxg6 hxg6 32.Bg7 Qe8 33.Qh6 Kf7 34.Qh7  1-0

[Event "Groningen op"]
[Site "Groningen"]
[Date "1988.??.??"]
[Round "?"]
[White "Blatny, Pavel"]
[Black "Estremera Panos, Sergio"]
[Result "1-0"]
[WhiteElo "2440"]
[BlackElo "2340"]

1.Nf3 Nf6 2.b3 d5 3.Bb2 c6 4.g3 Bg4 5.Bg2 Nbd7 6.c4 e6 7.O-O Bd6 8.d3 a5
9.a3 Qe7 10.Nbd2 O-O 11.Qc2 Rfe8 12.e4 dxe4 13.Nxe4 Nxe4 14.dxe4 Bxf3 15.Bxf3 e5
16.Rfd1 Bc5 17.Bc3 Nf8 18.Qb2 Ne6 19.Bg4 Nd4 20.b4 axb4 21.axb4 Bb6 22.Rxa8 Rxa8
23.c5 Bc7 24.Bxd4 exd4 25.Qxd4 Rd8 26.Qc4 Rxd1+ 27.Bxd1 g6 28.Bb3 Kg7 29.Kg2 b6
30.cxb6 Bxb6 31.e5 Bd8 32.Qc3 Qf8 33.Qc4 Be7 34.Qxc6 Bxb4 35.Qf6+ Kh6 36.g4 Be7
37.g5+  1-0

[Event "Groningen op"]
[Site "Groningen"]
[Date "1988.??.??"]
[Round "?"]
[White "Ristic, Nenad"]
[Black "Blatny, Pavel"]
[Result "1/2-1/2"]
[WhiteElo "2395"]
[BlackElo "2440"]

1.d4 Nf6 2.Nf3 e6 3.g3 d5 4.Bg2 Be7 5.O-O O-O 6.c4 dxc4 7.Ne5 Nc6 8.Nxc6 bxc6
9.Na3 Bxa3 10.bxa3 Rb8 11.Qa4 Qxd4 12.Be3 Qe5 13.Qxc4 Qa5 14.Qxc6 Bb7 15.Qc5 Qxc5
16.Bxc5 Bxg2 17.Kxg2 Rfe8 18.Bxa7 Ra8 19.Bc5 Ne4 20.Rfc1 Nxc5 21.Rxc5 Rxa3
22.Rxc7 h6 23.Rc2 Rea8 24.Kf1 R3a7 25.Ke1 Kh7 26.Kd1 Kg6 27.Kc1 Kf6 28.Kb1 Rb8+
29.Kc1 Rba8 30.h3 g5 31.Kb1 Rb8+ 32.Kc1 Rba8 33.Kd1 Rd8+ 34.Ke1 Rda8 35.Kf1 Ra3
36.Kg2 R8a7 37.e3 Ra8 38.g4 Kg6 39.Kg3 R8a4 40.Re2 Ra8 41.h4 R8a4 42.hxg5 hxg5  1/2-1/2

[Event "BKL-Turnier"]
[Site "Leipzig"]
[Date "1988.??.??"]
[Round "?"]
[White "Perenyi, Bela"]
[Black "Blatny, Pavel"]
[Result "0-1"]
[WhiteElo "2370"]
[BlackElo "2440"]

1.e4 e5 2.Nf3 Nc6 3.Bb5 a6 4.Ba4 Nf6 5.O-O Be7 6.Re1 b5 7.Bb3 O-O 8.h3 d5
9.exd5 Nxd5 10.Nxe5 Nxe5 11.Rxe5 Nf4 12.d4 Ng6 13.Re1 Kh8 14.c3 Bb7 15.Nd2 Nh4
16.g3 Ng6 17.Nf3 Qd7 18.h4 Bd6 19.Ng5 h6 20.Qh5 Qf5 21.Re2 Qd7 22.Bd2 Qc6
23.d5 Qd7 24.Re6 fxe6 25.Qxg6 hxg5 26.Qh5+ Kg8 27.dxe6 Qe7 28.Bxg5 Rf6 29.Re1 Raf8
30.f4 g6 31.Qh6 c5 32.Bc2 Qg7 33.Qxg7+ Kxg7 34.Bxf6+ Kxf6 35.Bd1 Rd8 36.h5 c4
37.hxg6 Bc5+ 38.Kf1 Rh8 39.Re5 Rh1+ 40.Ke2 Rh2+ 41.Ke1 Bf2+ 42.Kf1 Bxg3 43.Rh5 Rxh5
44.Bxh5 Be4 45.g7 Bh7 46.f5 Bd6 47.Bf3 Kxg7 48.Bb7 a5 49.Ba6 Bxf5 50.Bxb5 Bxe6
51.Ke2 Kf6 52.Bc6 Ke5 53.Kd2 Bd5 54.Be8 Be7 55.Ba4 Bg5+ 56.Ke2 Be4 57.b4 axb4
58.cxb4 Bb1 59.b5 Bxa2 60.b6 Kd4  0-1

[Event "BKL-Turnier"]
[Site "Leipzig"]
[Date "1988.??.??"]
[Round "?"]
[White "Tischbierek, Raj"]
[Black "Blatny, Pavel"]
[Result "0-1"]
[WhiteElo "2500"]
[BlackElo "2440"]

1.e4 e5 2.Nf3 Nc6 3.Bb5 a6 4.Ba4 Nf6 5.O-O Be7 6.Re1 b5 7.Bb3 O-O 8.c3 d5
9.exd5 Nxd5 10.Nxe5 Nxe5 11.Rxe5 c6 12.d4 Bd6 13.Re2 Qh4 14.g3 Qh3 15.Nd2 Bf5
16.Qf1 Qh5 17.Bxd5 cxd5 18.Qe1 Bg4 19.Re3 f5 20.f4 g5 21.Nf1 Rae8 22.Re5 Bh3
23.Be3 Bxe5 24.dxe5 Qf3 25.Qf2 Qxf2+ 26.Kxf2 Bxf1 27.Kxf1 gxf4 28.gxf4 Kf7
29.a4 Ra8 30.b4 Rfc8 31.Bd4 Ke6 32.Ke2 Kd7 33.Kf3 Ke6 34.Ra2 Rcb8 35.Ke3 Rg8
36.Kf3 h5 37.Bc5 h4 38.Bd4 Rgb8 39.Ra1 Rc8 40.Ra2 Rg8 41.Ra1 h3 42.Ra2 Rg2
43.Rxg2 hxg2 44.axb5 Rg8 45.bxa6 g1=Q 46.Bxg1 Rxg1 47.Ke3 Ra1 48.b5 Ra5  0-1

[Event "BKL-Turnier"]
[Site "Leipzig"]
[Date "1988.??.??"]
[Round "?"]
[White "Blatny, Pavel"]
[Black "Vogt, Lothar"]
[Result "0-1"]
[WhiteElo "2440"]
[BlackElo "2460"]

1.e4 c5 2.Nf3 e6 3.c3 d5 4.exd5 Qxd5 5.d4 Nf6 6.Na3 Be7 7.Nb5 Na6 8.Be2 cxd4
9.Qxd4 O-O 10.O-O Bd7 11.Qxd5 Nxd5 12.Rd1 Rfd8 13.Bd2 Nc5 14.Nbd4 a5 15.c4 Nb4
16.Bf4 f6 17.Bc7 Rdc8 18.Bb6 e5 19.a3 exd4 20.axb4 axb4 21.Rxa8 Rxa8 22.Nxd4 Na4
23.Bc7 Nxb2 24.Re1 Bc5 25.Nb3 Bf8 26.Na5 Rc8 27.Bb6 Na4 28.Be3 b6 29.Nb3 Be6
30.Nd2 Bc5 31.Bd1 Nc3 32.Bb3 Kf7 33.Kf1 Rd8 34.Bxc5 bxc5 35.Ne4 Nxe4 36.Rxe4 Rd3
37.Bc2 Rc3 38.Ba4 Rxc4 39.Re1 Rc3 40.f4 g6 41.Kf2 Ra3  0-1

[Event "BKL-Turnier"]
[Site "Leipzig"]
[Date "1988.??.??"]
[Round "?"]
[White "Blatny, Pavel"]
[Black "Teske, Henrik"]
[Result "1-0"]
[WhiteElo "2440"]
[BlackElo "2425"]

1.e4 e6 2.d4 d5 3.e5 c5 4.c3 Nc6 5.Nf3 Qb6 6.a3 Bd7 7.b4 cxd4 8.cxd4 Rc8
9.Be2 Nge7 10.O-O Nf5 11.Be3 Be7 12.Nbd2 f6 13.Bd3 Nxe3 14.fxe3 Kd8 15.Rc1 Nxe5
16.Rxc8+ Bxc8 17.Nxe5 fxe5 18.Qg4 g5 19.Nf3 exd4 20.exd4 h5 21.Qg3 Rf8 22.Rc1 g4
23.Ne5 Qxd4+ 24.Kh1 Qf4 25.Qxf4 Rxf4 26.g3 Rf6 27.Bg6 Bd7 28.Nf7+ Ke8 29.Bxh5 a5
30.Rc7 Bc6 31.b5 Bxb5 32.Nd6+ Kd8 33.Nxb5 d4 34.Bxg4 d3 35.Rc3  1-0

[Event "BKL-Turnier"]
[Site "Leipzig"]
[Date "1988.??.??"]
[Round "?"]
[White "Blatny, Pavel"]
[Black "Chekhov, Valery A"]
[Result "0-1"]
[WhiteElo "2440"]
[BlackElo "2455"]

1.e4 c5 2.c3 d5 3.exd5 Qxd5 4.d4 Nf6 5.Nf3 e6 6.Na3 Be7 7.Nb5 Na6 8.Be2 cxd4
9.Qxd4 O-O 10.O-O Rd8 11.Bg5 Qxd4 12.Nbxd4 Nc5 13.Rad1 Bd7 14.Ne5 Ba4 15.b3 Nce4
16.Bf3 Nxg5 17.Bxb7 Rab8 18.Bc6 Nge4 19.Bxa4 Nxc3 20.Nec6 Nxd1 21.Nxe7+ Kf8
22.Rxd1 Rxd4 23.Rxd4 Kxe7 24.f3 Nd5 25.Bc6 Nb4 26.Rd7+ Kf6 27.Be4 Nxa2 28.Rxa7 Nc3
29.Rb7 Rd8 30.Kf2 Rd2+ 31.Ke3 Rxg2 32.h4 Nxe4 33.fxe4 Rh2 34.e5+ Kg6 35.Rb4 Rh3+
36.Kd2 h5 37.Kc2 Kf5 38.Rb7 Kxe5 39.Rxf7 g6 40.b4 Rxh4 41.Kc3 Kd5 42.b5 Kc5
43.Rf6 Rg4 44.Rxe6 Kxb5 45.Kd3 Kc5 46.Re5+ Kd6 47.Ra5 Ke6 48.Ke3 Kf6 49.Kf3 Kg7
50.Ra7+ Kh6 51.Ra5 Rb4 52.Kg3 Rb3+ 53.Kg2 h4 54.Kh2 g5 55.Ra6+ Kh5 56.Ra7 Rb2+
57.Kh1 Rd2 58.Rb7 Re2 59.Ra7 h3 60.Kg1 g4 61.Kh1 g3 62.Ra1 Kg4 63.Rb1 Kf3
64.Ra1 Rd2 65.Re1 Kf2 66.Rg1 g2+ 67.Kh2 Re2  0-1

[Event "BKL-Turnier"]
[Site "Leipzig"]
[Date "1988.??.??"]
[Round "?"]
[White "Kiss, Attila"]
[Black "Blatny, Pavel"]
[Result "0-1"]
[WhiteElo "2375"]
[BlackElo "2440"]

1.d4 Nf6 2.Nf3 d6 3.c4 Nbd7 4.g3 e5 5.Bg2 Be7 6.Nc3 O-O 7.O-O Re8 8.e4 c6
9.h3 Qc7 10.Be3 Nf8 11.Rc1 Ng6 12.Qc2 Bd7 13.Rfd1 Rad8 14.a3 Qb8 15.dxe5 dxe5
16.c5 h6 17.b4 Be6 18.Bf1 Rxd1 19.Rxd1 Rd8 20.Rxd8+ Qxd8 21.Nd2 Qd7 22.Kh2 Nh7
23.Qd1 Ng5 24.h4 Bg4 25.Be2 Bxe2 26.Qxe2 Ne6 27.Nc4 Nd4 28.Qd1 Bf6 29.Nd6 Ne7
30.Kg2 b5 31.Bxd4 exd4 32.Ne2 Qg4 33.f3 Qe6 34.Nxd4 Qa2+ 35.Kh3 Qxa3 36.Nc2 Qb3
37.Qd2 Qxf3 38.Qf4 Qh1+ 39.Kg4 h5+ 40.Kxh5 Qd1+ 41.g4 g6+ 42.Kh6 Bg7+  0-1

[Event "Thessaloniki ol (Men)"]
[Site "Thessaloniki"]
[Date "1988.??.??"]
[Round "1"]
[White "Pineda, Boris"]
[Black "Blatny, Pavel"]
[Result "0-1"]
[WhiteElo "2225"]
[BlackElo "2490"]

1.c4 Nf6 2.Nc3 d6 3.g3 e5 4.Bg2 Be7 5.e4 Nc6 6.Nge2 Bd7 7.O-O Qc8 8.Nd5 Bd8
9.d3 h5 10.f4 Bg4 11.Ne3 Bxe2 12.Qxe2 Nd4 13.Qd1 c6 14.c5 b5 15.cxd6 Bb6
16.fxe5 Ng4 17.Kh1 Nxe5 18.Nf5 g6 19.Bf4 Ng4 20.Nxd4 Bxd4 21.Qc2 Qd7 22.Rac1 Rc8
23.a4 h4 24.axb5 hxg3 25.Bxg3 Nxh2 26.Bxh2 Be5 27.Kg1 Bxh2+ 28.Kf2 Qxd6 29.Ke2 c5
30.Rf3 Bf4 31.Ra1 g5 32.Rxa7 c4 33.dxc4 Rh2 34.Kf1 Rd8 35.Ra1 Qh6 36.Rd3 Rh1+
37.Kf2 Qh4+ 38.Ke2 Rxa1 39.Rxd8+ Kxd8 40.Qd3+ Ke7 41.c5 Qe1+  0-1

[Event "Thessaloniki ol (Men)"]
[Site "Thessaloniki"]
[Date "1988.??.??"]
[Round "5"]
[White "Blatny, Pavel"]
[Black "Piket, Jeroen"]
[Result "1/2-1/2"]
[WhiteElo "2490"]
[BlackElo "2495"]

1.e4 c5 2.c3 d5 3.exd5 Qxd5 4.d4 Nf6 5.Nf3 e6 6.Na3 Nc6 7.Nb5 Qd8 8.dxc5 Bxc5
9.Qxd8+ Kxd8 10.Bf4 a6 11.Rd1+ Ke7 12.Nbd4 Nxd4 13.Nxd4 Rd8 14.Be3 Ba7 15.Be2 Nd5  1/2-1/2